000 00364nam a2200145Ia 4500
008 240624s9999 xx 000 0 und d
041 _aeng
082 _a006.76 PLA
100 _aPLATT DAVID S
245 _aINTRODUCING MICROSOFT NET
250 _a(3rd ed.)
260 _c2004
_aNew Delhi
_bPrentice-Hall of India
300 _axiv, : 329 : cm. ; 23
365 _cRS
999 _c2170
_d2170